书目信息 |
| 题名: |
电磁场与电磁波
|
|
| 作者: | 赵家升 主编 | |
| 分册: | ||
| 出版信息: | 西安 西北工业大学出版社 2004.01 |
|
| 页数: | 296页 | |
| 开本: | 26cm | |
| 丛书名: | 通向研究生之路系列丛书 | |
| 单 册: | ||
| 中图分类: | O441.4-44 | |
| 科图分类: | ||
| 主题词: | 电磁场--解题--研究生--入学考试 , 电磁波--解题--研究生--入学考试 | |
| 电子资源: | ||
| ISBN: | 7-5612-1720-X | |
| 000 | 01124nam 2200277 450 | |
| 001 | 0107202000 | |
| 005 | 20050523162304.21 | |
| 010 | @a7-5612-1720-X@dCNY 25.00 | |
| 100 | @a20040724d2004 km y0chiy0120 ea | |
| 101 | 0 | @achi |
| 102 | @aCN@b610000 | |
| 105 | @aa a 000yy | |
| 200 | 1 | @a电磁场与电磁波@Adian ci chang yu dian ci bo@e常见题型解析及模拟题@f赵家升主编@Fzhao jia sheng zhu bian |
| 210 | @a西安@c西北工业大学出版社@d2004.01 | |
| 215 | @a296页@c图@d26cm | |
| 225 | 2 | @a通向研究生之路系列丛书@e世纪精版 |
| 320 | @a有书目 (第296页)。 | |
| 330 | @a该书分两部分:第一部分给出了各章的内容精要、知识脉络、重要公式、经典范例、效果测试;第二部分中的真题剖析对2001-2003年国内10余所重点高校的90余道考研题进行了分析和解答,并给出三套综合测试题。书后附有参考答案。 | |
| 410 | 0 | @12001 @a通向研究生之路系列丛书 |
| 517 | 1 | @a常见题型解析及模拟题@Achang jian ti xing jie xi ji mo ni ti |
| 606 | 0 | @a电磁场@x解题@x研究生@x入学考试 |
| 606 | 0 | @a电磁波@x解题@x研究生@x入学考试 |
| 690 | @aO441.4-44@v4 | |
| 701 | 0 | @a赵家升@Azhao jia sheng@4主编 |
| 801 | 0 | @aCN@bQSSK@c20050523 |
| 905 | @a10447@dO441.4-44@eZ306 | |
| 电磁场与电磁波:常见题型解析及模拟题/赵家升主编.-西安:西北工业大学出版社,2004.01 |
| 296页:图;26cm.-(通向研究生之路系列丛书:世纪精版) |
| ISBN 7-5612-1720-X:CNY 25.00 |
| 该书分两部分:第一部分给出了各章的内容精要、知识脉络、重要公式、经典范例、效果测试;第二部分中的真题剖析对2001-2003年国内10余所重点高校的90余道考研题进行了分析和解答,并给出三套综合测试题。书后附有参考答案。 |
| ● |
| 相关链接 |
|
|
|
正题名:电磁场与电磁波
索取号:O441.4-44/Z306
 
预约/预借
| 序号 | 登录号 | 条形码 | 馆藏地/架位号 | 状态 | 备注 |
| 1 | 498569 | 204985695 | 自科库401/401自科库 58排7列2层/ [索取号:O441.4-44/Z306] | 在馆 | |
| 2 | 498570 | 204985702 | 自科库401/401自科库 58排7列2层/ [索取号:O441.4-44/Z306] | 在馆 | |
| 3 | 498571 | 204985711 | 自科库401/401自科库 58排7列2层/ [索取号:O441.4-44/Z306] | 在馆 |